000 00566nam a22001817a 4500
005 20140310183636.0
008 131127b xxu||||| |||| 00| 0 eng d
020 _a9718974016
050 _aLB 1705
_b.P191 1996
100 _aSan Jose Pañgan, Marina T.
245 _aReviewer For Professional Board Examination For Teachers(PBET)/
_cMarina T. San Jose Pañgan
260 _aQuezon City :
_b M.T.S.J. Pangan,
_c1996.
300 _a92 p. :
_c28 cm.
521 _aEDU
546 _aC4281
650 _aNational Teachers Examination (PBET).
942 _2lcc
_cBK
_kLOC
999 _c25713
_d25713